Statistics for Taylor Swift - Evermore Track Listing

Click here to take the quiz!

General Stats

  • This quiz has been taken 19 times
  • The average score is 16 of 17

Answer Stats

Track% Correct
2champagne problems
100%
3gold rush
100%
17it's time to go
100%
16right where you left me
100%
5tolerate it
100%
1willow
100%
14closure
94%
9coney island (feat. The National)
94%
11cowboy like me
94%
15evermore (feat. Bon Iver)
94%
7happiness
94%
10ivy
94%
12long story short
94%
13marjorie
94%
6no body, no crime (feat. HAIM)
94%
4'tis the damn season
94%
8dorothea
88%

Score Distribution

Percentile by Number Answered

Percent of People with Each Score

Your Score History

You have not taken this quiz